<?xml version="1.0" encoding="UTF-8"?>
<record
    xmlns:xsi="http://www.w3.org/2001/XMLSchema-instance"
    xsi:schemaLocation="http://www.loc.gov/MARC21/slim http://www.loc.gov/standards/marcxml/schema/MARC21slim.xsd"
    xmlns="http://www.loc.gov/MARC21/slim">

  <leader>02361 am a2200361Ii 4500</leader>
  <controlfield tag="001">ocn1096362107</controlfield>
  <controlfield tag="003">EG-ScBUE</controlfield>
  <controlfield tag="005">20251126101002.0</controlfield>
  <controlfield tag="008">190413t2020    caua   f b    001 0 eng d</controlfield>
  <datafield tag="020" ind1=" " ind2=" ">
    <subfield code="a">9781526444707</subfield>
  </datafield>
  <datafield tag="035" ind1=" " ind2=" ">
    <subfield code="a">(OCoLC)ocn1096362107</subfield>
  </datafield>
  <datafield tag="040" ind1=" " ind2=" ">
    <subfield code="a">YDX</subfield>
    <subfield code="b">eng</subfield>
    <subfield code="e">rda</subfield>
    <subfield code="c">YDX</subfield>
    <subfield code="d">CDX</subfield>
    <subfield code="d">PAU</subfield>
    <subfield code="d">UKOBU</subfield>
    <subfield code="d">OCLCF</subfield>
    <subfield code="d">IBI</subfield>
    <subfield code="d">UPM</subfield>
    <subfield code="d">U@M</subfield>
    <subfield code="d">EG-ScBUE</subfield>
  </datafield>
  <datafield tag="082" ind1="0" ind2="4">
    <subfield code="a">305.800721</subfield>
    <subfield code="2">22</subfield>
    <subfield code="b">KOZ</subfield>
  </datafield>
  <datafield tag="100" ind1="1" ind2=" ">
    <subfield code="a">Kozinets, Robert V.,</subfield>
    <subfield code="d">1964-</subfield>
    <subfield code="e">author.</subfield>
  </datafield>
  <datafield tag="245" ind1="1" ind2="0">
    <subfield code="a">Netnography :</subfield>
    <subfield code="b">the essential guide to qualitative social media research /</subfield>
    <subfield code="c">Robert V Kozinets.</subfield>
  </datafield>
  <datafield tag="250" ind1=" " ind2=" ">
    <subfield code="a">Third edition.</subfield>
  </datafield>
  <datafield tag="264" ind1=" " ind2="1">
    <subfield code="a">Los Angeles :</subfield>
    <subfield code="b">SAGE,</subfield>
    <subfield code="c">2020.</subfield>
  </datafield>
  <datafield tag="264" ind1=" " ind2="4">
    <subfield code="c">&#xA9;2020</subfield>
  </datafield>
  <datafield tag="300" ind1=" " ind2=" ">
    <subfield code="a">viii, 460 pages :</subfield>
    <subfield code="b">illustrations (some color) ;</subfield>
    <subfield code="c">25 cm</subfield>
  </datafield>
  <datafield tag="336" ind1=" " ind2=" ">
    <subfield code="a">text</subfield>
    <subfield code="b">txt</subfield>
    <subfield code="2">rdacontent</subfield>
  </datafield>
  <datafield tag="336" ind1=" " ind2=" ">
    <subfield code="a">still image</subfield>
    <subfield code="b">sti</subfield>
    <subfield code="2">rdacontent</subfield>
  </datafield>
  <datafield tag="337" ind1=" " ind2=" ">
    <subfield code="a">unmediated</subfield>
    <subfield code="b">n</subfield>
    <subfield code="2">rdamedia</subfield>
  </datafield>
  <datafield tag="338" ind1=" " ind2=" ">
    <subfield code="a">volume</subfield>
    <subfield code="b">nc</subfield>
    <subfield code="2">rdacarrier</subfield>
  </datafield>
  <datafield tag="500" ind1=" " ind2=" ">
    <subfield code="a">Subtitle varies between editions.</subfield>
  </datafield>
  <datafield tag="504" ind1=" " ind2=" ">
    <subfield code="a">Includes bibliographical references and index.</subfield>
  </datafield>
  <datafield tag="505" ind1="0" ind2=" ">
    <subfield code="a">Machine generated contents note: 1. Introducing: Netnography, Qualitative Social Media Research Methods, and This Book -- 2. A History of Social Media -- 3. Media: Communicating and Connecting in the 21st Century -- 4. Socialities: All the Ways We Connect -- 5. Praxis: Introducing Practices and Data Operations -- 6. Ethics: Procedures and Flowcharts, Updates and Rules -- 7. Data: The Methodology of Netnographic Data Collection -- 8. Investigating: Five Steps to Social Media Data Collection -- 9. Interacting: Turning Connection and Communication into Research Data -- 10. Immersing: Journaling and Organizing a Reflective Curation -- 11. Integrating: Combining Telescopic and Microscopic Understandings -- 12. Analyzing: Elemental Data Transformation Operations -- 13. Interpreting: How to Discover and Make Meaning from Netnographic Data -- 14. Communicating: Presenting and Publishing Your Netnography -- 15. The Future of Netnography.</subfield>
  </datafield>
  <datafield tag="520" ind1="8" ind2=" ">
    <subfield code="a">This title explores the discipline of 'netnography' - the conduct of ethnography over the internet - a method specifically designed to study cultures and communities online.</subfield>
  </datafield>
  <datafield tag="650" ind1=" " ind2="7">
    <subfield code="a">Ethnology</subfield>
    <subfield code="x">Computer network resources.</subfield>
    <subfield code="2">BUEsh</subfield>
  </datafield>
  <datafield tag="650" ind1=" " ind2="7">
    <subfield code="a">Ethnology</subfield>
    <subfield code="x">Research</subfield>
    <subfield code="x">Computer network resources.</subfield>
    <subfield code="2">BUEsh</subfield>
  </datafield>
  <datafield tag="655" ind1=" " ind2=" ">
    <subfield code="v">Reading book</subfield>
  </datafield>
  <datafield tag="942" ind1=" " ind2=" ">
    <subfield code="2">ddc</subfield>
    <subfield code="c">BB</subfield>
  </datafield>
  <datafield tag="999" ind1=" " ind2=" ">
    <subfield code="c">31016</subfield>
    <subfield code="d">30987</subfield>
  </datafield>
  <datafield tag="952" ind1=" " ind2=" ">
    <subfield code="0">0</subfield>
    <subfield code="1">0</subfield>
    <subfield code="2">ddc</subfield>
    <subfield code="4">0</subfield>
    <subfield code="7">0</subfield>
    <subfield code="8">Donation-G</subfield>
    <subfield code="a">MAIN</subfield>
    <subfield code="b">MAIN</subfield>
    <subfield code="c">1ST</subfield>
    <subfield code="d">2025-11-26</subfield>
    <subfield code="e">Donation</subfield>
    <subfield code="l">0</subfield>
    <subfield code="o">305.800721 KOZ</subfield>
    <subfield code="p">000057410</subfield>
    <subfield code="r">2025-11-26 00:00:00</subfield>
    <subfield code="w">2025-11-26</subfield>
    <subfield code="y">BB</subfield>
  </datafield>
</record>
